[Event "Stuttgarter Stadtmeisterschaft A-Turnie"]
[Site "Ditzingen"]
[Date "2009.05.22"]
[Round "4.1"]
[White "Ovsejevitsch, Sergei"]
[Black "Wagner, Florian"]
[Result "1-0"]
[WhiteElo "2580"]
[BlackElo "2302"]
[PlyCount "57"]
[EventDate "2009.??.??"]

1. d4 Nf6 2. c4 c5 3. d5 e6 4. Nc3 exd5 5. cxd5 Bd6 6. e4 O-O 7. f4 Nxe4 8.
Nxe4 Re8 9. Qe2 Na6 10. Bd2 f5 11. Nxd6 Rxe2+ 12. Bxe2 Qh4+ 13. g3 Qf6 14. Nb5
d6 15. Bc3 Qf8 16. Nf3 Bd7 17. a4 Re8 18. Kf2 Rxe2+ 19. Kxe2 Bxb5+ 20. axb5
Qe8+ 21. Kf2 Qxb5 22. Rhe1 Nb4 23. Bxb4 Qxb4 24. Ng5 Qxb2+ 25. Re2 Qd4+ 26. Kg2
Qxd5+ 27. Kh3 Qc6 28. Rae1 Qg2+ 29. Kxg2 1-0

[Event "Stuttgarter Stadtmeisterschaft A-Turnie"]
[Site "Ditzingen"]
[Date "2009.05.22"]
[Round "4.2"]
[White "Gheng, Josef"]
[Black "Luther, Thomas"]
[Result "1/2-1/2"]
[WhiteElo "2310"]
[BlackElo "2537"]
[PlyCount "101"]
[EventDate "2009.??.??"]

1. d4 d5 2. c4 e6 3. Nf3 Nf6 4. Nc3 Bb4 5. Qb3 c5 6. dxc5 Nc6 7. Bd2 O-O 8. e3
Bxc5 9. Be2 Bb6 10. cxd5 exd5 11. O-O Be6 12. Ng5 Qd6 13. Nb5 Qe5 14. Nf3 Qh5
15. Nfd4 Qh6 16. Bb4 Nxb4 17. Qxb4 Ne4 18. Rac1 Rad8 19. a4 a5 20. Qe1 Bd7 21.
b4 Bxb5 22. Nxb5 axb4 23. Qxb4 Bxe3 24. Rcd1 Bc5 25. Qb2 Rfe8 26. Bd3 Qb6 27.
g3 g6 28. Kg2 h5 29. h4 Qf6 30. Qxf6 Nxf6 31. Rc1 Rc8 32. Rc2 Bf8 33. Rfc1 Rxc2
34. Rxc2 Ra8 35. Ra2 Bc5 36. Bc2 b6 37. Bb3 Kg7 38. Rd2 Rd8 39. f3 d4 40. Nc3
Re8 41. Nd5 Nxd5 42. Bxd5 Re1 43. Bc4 f5 44. f4 Kf6 45. Bb5 Ra1 46. Kf3 Ra3+
47. Kg2 Ke7 48. Re2+ Kd6 49. Re8 Kc7 50. Rg8 d3 51. Rg7+ 1/2-1/2

[Event "Stuttgarter Stadtmeisterschaft A-Turnie"]
[Site "Ditzingen"]
[Date "2009.05.22"]
[Round "4.3"]
[White "Reinhardt, Bernd"]
[Black "Kunz, Konstantin"]
[Result "1/2-1/2"]
[WhiteElo "2344"]
[BlackElo "2263"]
[PlyCount "61"]
[EventDate "2009.??.??"]

1. d4 Nf6 2. Nf3 e6 3. c3 b6 4. Bf4 Bb7 5. e3 d6 6. h3 Nbd7 7. Be2 Be7 8. O-O
O-O 9. Nbd2 c5 10. a4 cxd4 11. cxd4 a6 12. Qb3 Qb8 13. Rfc1 Bd5 14. Qb4 Re8 15.
Bh2 Bf8 16. Rc2 e5 17. Rac1 exd4 18. Nxd4 Nc5 19. Qa3 a5 20. Nb5 Re6 21. Bc4
Qd8 22. Rd1 Rc8 23. Bxd5 Nxd5 24. Rc4 Nb4 25. Nf3 Ne4 26. Rxc8 Qxc8 27. Nc3 d5
28. Qa1 Rg6 29. Nxe4 dxe4 30. Ne5 Rd6 31. Bg3 1/2-1/2

[Event "Stuttgarter Stadtmeisterschaft A-Turnie"]
[Site "Ditzingen"]
[Date "2009.05.22"]
[Round "4.4"]
[White "Heinl, Thomas"]
[Black "Weber, Tom"]
[Result "1/2-1/2"]
[WhiteElo "2204"]
[BlackElo "2315"]
[PlyCount "67"]
[EventDate "2009.??.??"]

1. e4 c5 2. Nf3 Nc6 3. d4 cxd4 4. Nxd4 g6 5. Nc3 Bg7 6. Be3 Nf6 7. Be2 O-O 8.
O-O d5 9. exd5 Nxd5 10. Nxd5 Qxd5 11. Bf3 Qa5 12. Nxc6 bxc6 13. c3 Rb8 14. Qc1
c5 15. Rd1 Be6 16. Bd5 Bf5 17. f3 Rfd8 18. g4 Bd7 19. Qc2 Ba4 20. Bb3 Bc6 21.
Qf2 e6 22. Bxc5 Bxf3 23. Bb4 Qb6 24. Bc5 Qb7 25. Rf1 Bxg4 26. Bxa7 Ra8 27. Be3
Rd3 28. Bc2 Rxe3 29. Qxe3 Qxb2 30. Qe4 Rxa2 31. Rxa2 Qxa2 32. Qxg4 Qxc2 33. Qf3
f5 34. Qa8+ 1/2-1/2

[Event "Stuttgarter Stadtmeisterschaft A-Turnie"]
[Site "Ditzingen"]
[Date "2009.05.22"]
[Round "4.5"]
[White "Gschnitzer, Oswald"]
[Black "Fiderer, Lukas"]
[Result "1-0"]
[WhiteElo "2429"]
[BlackElo "2153"]
[PlyCount "77"]
[EventDate "2009.??.??"]

1. Nf3 Nf6 2. c4 g6 3. Nc3 Bg7 4. e4 d6 5. d4 O-O 6. Be2 e5 7. Be3 h6 8. O-O
Ng4 9. Bc1 Nc6 10. d5 Ne7 11. Nd2 f5 12. Bxg4 fxg4 13. b4 b6 14. Nb3 g5 15. a4
Ng6 16. a5 Bd7 17. c5 bxc5 18. bxc5 Nh4 19. c6 Bc8 20. a6 Qe8 21. Be3 Qh5 22.
Kh1 Rf3 23. Ne2 Rf4 24. Ng3 Qf7 25. Nd2 h5 26. Rg1 Kh7 27. Qe2 Kh6 28. Rab1 Ng6
29. Rb7 h4 30. Ngf1 Rf6 31. Rxa7 Nf4 32. Qb5 Rxa7 33. Bxa7 Kh7 34. Be3 Bxa6 35.
Qxa6 Nh5 36. Qe2 g3 37. fxg3 hxg3 38. h3 Rf2 39. Qg4 1-0

[Event "Stuttgarter Stadtmeisterschaft A-Turnie"]
[Site "Ditzingen"]
[Date "2009.05.22"]
[Round "4.6"]
[White "Germer, Philipp"]
[Black "Eisenbeiser, Amadeus"]
[Result "0-1"]
[WhiteElo "2177"]
[BlackElo "2406"]
[PlyCount "86"]
[EventDate "2009.??.??"]

1. e4 d6 2. d4 Nf6 3. Nc3 e5 4. Nf3 Nbd7 5. Be3 Be7 6. h3 O-O 7. Qd2 c6 8. Bd3
b5 9. O-O Bb7 10. Ne2 d5 11. dxe5 dxe4 12. exf6 Nxf6 13. Ne1 exd3 14. Nxd3 c5
15. Ng3 Qc8 16. Rfe1 Re8 17. Bg5 Qc6 18. f3 c4 19. Nf2 Rad8 20. Qf4 Bc5 21. Nf5
Bc8 22. Nh6+ Kf8 23. Kf1 Qd6 24. Qh4 Qd4 25. Rxe8+ Rxe8 26. Bxf6 Qxf6 27. Qxf6
gxf6 28. Ne4 Be7 29. Ng3 Rd8 30. Ke2 Rd5 31. Ng4 Rg5 32. Ne4 Rg6 33. Ne3 f5 34.
Nc3 f4 35. Ng4 h5 36. Nf2 Rxg2 37. Nd5 Bh4 38. Rf1 Bg3 39. Nf6 Bxh3 40. N6e4
Rh2 41. Rg1 h4 42. Rh1 Rxh1 43. Nxh1 Bg2 0-1

[Event "Stuttgarter Stadtmeisterschaft A-Turnie"]
[Site "Ditzingen"]
[Date "2009.05.22"]
[Round "4.7"]
[White "Reck, Moritz"]
[Black "Strunski, Andreas"]
[Result "0-1"]
[WhiteElo "2149"]
[BlackElo "2329"]
[PlyCount "72"]
[EventDate "2009.??.??"]

1. g3 Nf6 2. Bg2 c5 3. d3 g6 4. Nc3 d5 5. Bg5 d4 6. Bxf6 exf6 7. Nd5 Bg7 8. e4
O-O 9. Ne2 f5 10. c4 dxc3 11. Nexc3 Nc6 12. O-O fxe4 13. dxe4 Be6 14. Rc1 Rc8
15. h3 Qd7 16. Kh2 Nd4 17. f4 b5 18. Qd3 f5 19. a3 fxe4 20. Qxe4 Kh8 21. Rce1
Rfe8 22. Qd3 Rcd8 23. g4 Rf8 24. Kh1 Qd6 25. Rf2 b4 26. axb4 cxb4 27. Rxe6 Nxe6
28. Nb5 Qc5 29. Rc2 Nxf4 30. Nxf4 Rxd3 31. Rxc5 Rxf4 32. Nc7 Rd1+ 33. Kh2 Bf8
34. Rc6 Bd6 35. Nb5 Be5 36. Rc8+ Rf8# 0-1

[Event "Stuttgarter Stadtmeisterschaft A-Turnie"]
[Site "Ditzingen"]
[Date "2009.05.22"]
[Round "4.8"]
[White "Chetverik, Maxim"]
[Black "Bogenschütze, Paul jr"]
[Result "1-0"]
[WhiteElo "2323"]
[BlackElo "2067"]
[PlyCount "67"]
[EventDate "2009.??.??"]

1. d4 Nf6 2. c4 g6 3. Nf3 Bg7 4. g3 O-O 5. Bg2 d6 6. O-O Nc6 7. d5 Na5 8. Nfd2
c5 9. a3 Nd7 10. Ra2 Qc7 11. b3 a6 12. a4 b5 13. axb5 axb5 14. cxb5 Rb8 15. Na3
Nb6 16. Nac4 Nb7 17. Nb1 Bd7 18. Nba3 Ra8 19. Qc2 Ra7 20. Bb2 Bxb2 21. Qxb2
Rfa8 22. Rfa1 Qd8 23. e4 Nc8 24. Bf1 Qe8 25. b6 Ra6 26. Nb1 Bb5 27. Rxa6 Rxa6
28. Rxa6 Bxa6 29. Nc3 Qd8 30. Na4 Qe8 31. Nxd6 Ncxd6 32. Bxa6 Qa8 33. Qe2 Na5
34. Nxc5 1-0

[Event "Stuttgarter Stadtmeisterschaft A-Turnie"]
[Site "Ditzingen"]
[Date "2009.05.22"]
[Round "4.9"]
[White "Schuh, Dirk"]
[Black "Wettengel, Alexander"]
[Result "1-0"]
[WhiteElo "2313"]
[BlackElo "2074"]
[PlyCount "45"]
[EventDate "2009.??.??"]

1. e4 e6 2. d3 d5 3. Qe2 Nf6 4. Nf3 Be7 5. g3 O-O 6. Bg2 c5 7. O-O Nc6 8. e5
Nd7 9. c4 Nb6 10. h4 Nd4 11. Nxd4 cxd4 12. b3 dxc4 13. dxc4 Qc7 14. Bb2 Bc5 15.
Na3 Nd7 16. Rfe1 Bb4 17. Nb5 Qb8 18. Ba3 Bxa3 19. Nxa3 f6 20. exf6 Rxf6 21. f4
Rg6 22. f5 d3 23. Qe3 1-0

[Event "Stuttgarter Stadtmeisterschaft A-Turnie"]
[Site "Ditzingen"]
[Date "2009.05.22"]
[Round "4.10"]
[White "Imhof, Thomas"]
[Black "Krockenberger, Martin"]
[Result "1/2-1/2"]
[WhiteElo "2120"]
[BlackElo "2216"]
[PlyCount "119"]
[EventDate "2009.??.??"]

1. g3 d5 2. d4 Nf6 3. Bg2 e6 4. Nf3 Be7 5. O-O O-O 6. c4 Ne4 7. Qc2 f5 8. b3
Nc6 9. a3 a5 10. c5 Bd7 11. Nc3 Be8 12. Bb2 Bh5 13. Rad1 Qe8 14. Nxe4 fxe4 15.
Ne1 Bg6 16. Qc3 Bf6 17. f4 Bf5 18. Nc2 g5 19. fxg5 Bxg5 20. Ne3 Qh5 21. Rf2 Bh3
22. Rdf1 Qh6 23. Rxf8+ Rxf8 24. Rxf8+ Kxf8 25. Nf1 Qh5 26. Bxh3 Qxh3 27. e3 Qg4
28. Qd2 Ke8 29. Bc3 b6 30. cxb6 cxb6 31. b4 axb4 32. Bxb4 Kd7 33. Qf2 Nxb4 34.
Qf7+ Be7 35. axb4 Qg6 36. Qxg6 hxg6 37. b5 e5 38. dxe5 Ke6 39. Nd2 Kxe5 40. Kf2
Bb4 41. Nb3 Bc3 42. Nc1 d4 43. exd4+ Bxd4+ 44. Ke2 Kd5 45. Nb3 Bg7 46. h4 Bh6
47. g4 Bf4 48. h5 gxh5 49. gxh5 Bh6 50. Nd2 Bg5 51. Nb3 Bf4 52. Nd2 e3 53. Nf3
Kc4 54. Nh4 Kxb5 55. Ng2 Bg5 56. Nxe3 Ka4 57. Nd5 b5 58. Nc3+ Ka5 59. Nxb5 Kxb5
60. Kf3 1/2-1/2

[Event "Stuttgarter Stadtmeisterschaft A-Turnie"]
[Site "Ditzingen"]
[Date "2009.05.22"]
[Round "4.11"]
[White "Svetushkin, Dmitry"]
[Black "Steinhart, Christoph"]
[Result "1-0"]
[WhiteElo "2615"]
[BlackElo "2013"]
[PlyCount "79"]
[EventDate "2009.??.??"]

1. e4 e6 2. d3 d5 3. Qe2 dxe4 4. dxe4 b6 5. Nd2 Ba6 6. Nc4 Nf6 7. Nf3 Be7 8. e5
Nd5 9. Qe4 Nd7 10. Qg4 Nb4 11. Ne3 O-O 12. Bxa6 Nxa6 13. h4 f5 14. exf6 Bxf6
15. Qxe6+ Kh8 16. Qc4 Nac5 17. O-O Re8 18. Rd1 Re4 19. Qd5 Qe8 20. Bd2 Rd8 21.
Qf5 g6 22. Qh3 Bxb2 23. Rab1 Bg7 24. Ng5 Ra4 25. Bb4 h6 26. Bxc5 hxg5 27. hxg5+
Kg8 28. Bb4 a5 29. Be1 Nc5 30. Nd5 Rxa2 31. Bc3 Qe6 32. Nf6+ Bxf6 33. Rxd8+
Bxd8 34. Qh8+ Kf7 35. Qxd8 Rxc2 36. Qxc7+ Nd7 37. Rd1 Rxc3 38. Rxd7+ Kf8 39.
Qd8+ Qe8 40. Qf6+ 1-0

[Event "Stuttgarter Stadtmeisterschaft A-Turnie"]
[Site "Ditzingen"]
[Date "2009.05.22"]
[Round "4.12"]
[White "Gutman, Lev"]
[Black "Nagelsdiek, Michael"]
[Result "1-0"]
[WhiteElo "2494"]
[BlackElo "2120"]
[PlyCount "59"]
[EventDate "2009.??.??"]

1. Nf3 d5 2. g3 Nf6 3. Bg2 e6 4. O-O b6 5. c4 Bb7 6. cxd5 exd5 7. d4 Be7 8. Bf4
O-O 9. Qc2 c5 10. Nc3 Nc6 11. Rad1 Nxd4 12. Nxd4 cxd4 13. Rxd4 Bc5 14. Rdd1 Qc8
15. Be5 Qe6 16. Bxf6 Qxf6 17. Bxd5 Bxd5 18. Nxd5 Qe5 19. b4 Bd6 20. e4 Rac8 21.
Qd3 Rfd8 22. a3 a5 23. Nxb6 Rc3 24. Qd5 Qxd5 25. Rxd5 axb4 26. axb4 Rc6 27. Na4
Kf8 28. Rfd1 Ke7 29. b5 Rc4 30. Nb6 1-0

[Event "Stuttgarter Stadtmeisterschaft A-Turnie"]
[Site "Ditzingen"]
[Date "2009.05.22"]
[Round "4.13"]
[White "Lange, Jan-David"]
[Black "Strohhäker, Raoul"]
[Result "0-1"]
[WhiteElo "2122"]
[BlackElo "2449"]
[PlyCount "84"]
[EventDate "2009.??.??"]

1. e4 c5 2. Nf3 e6 3. d4 cxd4 4. Nxd4 Nc6 5. Nc3 Qc7 6. Be2 a6 7. Nxc6 dxc6 8.
Be3 e5 9. Qd2 Be6 10. O-O-O Nf6 11. f3 Be7 12. Kb1 O-O 13. h4 b5 14. h5 Rfd8
15. Bd3 c5 16. Qf2 Qc6 17. Be2 b4 18. Rxd8+ Rxd8 19. Nd1 c4 20. b3 c3 21. Bc1
a5 22. Ne3 a4 23. Bc4 axb3 24. cxb3 Bxc4 25. Nxc4 Bc5 26. Be3 Bd4 27. h6 Qc5
28. Rd1 Rd7 29. Kc2 Qa7 30. Kb1 Bxe3 31. Rxd7 Qxd7 32. Qxe3 Qd1+ 33. Qc1 Qd3+
34. Qc2 Qf1+ 35. Qc1 Qxg2 36. Nxe5 Nxe4 37. Nc6 Qxf3 38. Nxb4 gxh6 39. a4 h5
40. a5 h4 41. a6 h3 42. Qg1+ Qg2 0-1

[Event "Stuttgarter Stadtmeisterschaft A-Turnie"]
[Site "Ditzingen"]
[Date "2009.05.22"]
[Round "4.14"]
[White "Reich, Thomas"]
[Black "Braun, Joachim"]
[Result "1/2-1/2"]
[WhiteElo "2393"]
[BlackElo "2114"]
[PlyCount "93"]
[EventDate "2009.??.??"]

1. d4 d5 2. c4 e6 3. Nf3 c6 4. e3 Nf6 5. Nc3 Nbd7 6. Qc2 Bd6 7. Be2 O-O 8. O-O
b6 9. e4 dxe4 10. Nxe4 Be7 11. Rd1 Qc7 12. Nxf6+ Nxf6 13. c5 bxc5 14. dxc5 e5
15. b3 Be6 16. Bb2 Nd7 17. Bd3 h6 18. Bh7+ Kh8 19. Bf5 Nxc5 20. Nxe5 Bf6 21.
Re1 Rad8 22. Re2 Rd5 23. Rae1 Bxf5 24. Qxf5 Nd3 25. Qxd3 Rxd3 26. Nxd3 Bxb2 27.
Nxb2 Rd8 28. g3 Rd5 29. Nc4 Kh7 30. Re7 Rd7 31. Re8 c5 32. h4 Qb7 33. R8e3 Rd4
34. Re7 Rd7 35. R7e3 a6 36. Re5 Qc6 37. R5e3 Rd4 38. Re7 Qf6 39. R7e3 Qf5 40.
Kg2 Qd5+ 41. Kg1 Rd1 42. Rxd1 Qxd1+ 43. Kg2 Qc2 44. a4 Qd1 45. Kh2 Qc2 46. Kg1
Qd1+ 47. Kg2 1/2-1/2

[Event "Stuttgarter Stadtmeisterschaft A-Turnie"]
[Site "Ditzingen"]
[Date "2009.05.22"]
[Round "4.15"]
[White "Lubbe, Nikolas"]
[Black "Scherer, Holger"]
[Result "1-0"]
[WhiteElo "2369"]
[BlackElo "2095"]
[PlyCount "79"]
[EventDate "2009.??.??"]

1. e4 c5 2. Nf3 Nc6 3. d4 cxd4 4. Nxd4 Nf6 5. Nc3 e5 6. Ndb5 d6 7. Bg5 a6 8.
Na3 Be6 9. Nc4 Rc8 10. Bxf6 gxf6 11. Ne3 Bh6 12. Ncd5 Bxe3 13. Nxe3 Ne7 14. Bd3
d5 15. exd5 Nxd5 16. O-O Nf4 17. Qf3 Nxd3 18. Rad1 Qe7 19. Rxd3 O-O 20. Ng4
Bxg4 21. Qxg4+ Kh8 22. Rh3 f5 23. Qxf5 f6 24. Rd1 Rc7 25. Rhd3 Qb4 26. Rd8 Rcf7
27. g3 Qe7 28. R8d7 Qe8 29. c4 Rxd7 30. Rxd7 Rf7 31. Rd6 Kg7 32. h4 Qf8 33. c5
a5 34. a3 Qe8 35. h5 Qf8 36. b4 axb4 37. axb4 Qe8 38. Kh2 Qf8 39. Kh3 Qe8 40.
Kh4 1-0

[Event "Stuttgarter Stadtmeisterschaft A-Turnie"]
[Site "Ditzingen"]
[Date "2009.05.22"]
[Round "4.16"]
[White "Scheeff, Volker"]
[Black "Vuckovic, Aleksandar"]
[Result "1/2-1/2"]
[WhiteElo "2111"]
[BlackElo "2326"]
[PlyCount "52"]
[EventDate "2009.??.??"]

1. e4 c5 2. Nf3 Nc6 3. Bb5 Na5 4. c3 a6 5. Ba4 b5 6. Bc2 d5 7. d4 dxe4 8. Bxe4
Bb7 9. Bxb7 Nxb7 10. O-O Nf6 11. Qe2 e6 12. a4 b4 13. dxc5 Bxc5 14. cxb4 Bxb4
15. Rd1 Qe7 16. Nc3 O-O 17. Bg5 Bxc3 18. bxc3 Nc5 19. Nd4 Rfe8 20. Nc6 Qc7 21.
Bxf6 gxf6 22. Qg4+ Kf8 23. Qf3 Rac8 24. Qxf6 Qxc6 25. Qh6+ Ke7 26. Qg5+ Kf8
1/2-1/2

[Event "Stuttgarter Stadtmeisterschaft A-Turnie"]
[Site "Ditzingen"]
[Date "2009.05.22"]
[Round "4.17"]
[White "Kerpe, Andreas"]
[Black "Hirneise, Jens"]
[Result "0-1"]
[WhiteElo "2084"]
[BlackElo "2308"]
[PlyCount "76"]
[EventDate "2009.??.??"]

1. e4 c5 2. c3 Nf6 3. e5 Nd5 4. g3 Nc6 5. Bg2 Nc7 6. Nf3 g6 7. O-O Bg7 8. d4
cxd4 9. cxd4 O-O 10. Nc3 d6 11. exd6 exd6 12. Bg5 f6 13. Be3 d5 14. Ne1 Be6 15.
Nd3 Bf7 16. Nf4 Re8 17. Qf3 Ne7 18. h4 Qd6 19. Rad1 Rad8 20. Bh3 f5 21. Bg2 Nc6
22. Nfe2 Qb4 23. Rd2 Na5 24. b3 Nc6 25. Rfd1 Rd7 26. h5 Ne7 27. hxg6 hxg6 28.
Na4 Ne6 29. g4 Rf8 30. Bh3 Be8 31. Qg3 Qd6 32. Qxd6 Rxd6 33. f3 fxg4 34. fxg4
Rf3 35. Bg2 Rxe3 36. Kf2 Bh6 37. Rh1 Rf3+ 38. Bxf3 Bxd2 0-1

[Event "Stuttgarter Stadtmeisterschaft A-Turnie"]
[Site "Ditzingen"]
[Date "2009.05.22"]
[Round "4.18"]
[White "Wiley, Tom E"]
[Black "Guballa, Jens"]
[Result "1-0"]
[WhiteElo "2303"]
[BlackElo "2033"]
[PlyCount "63"]
[EventDate "2009.??.??"]

1. d4 d5 2. c4 c6 3. Nf3 Nf6 4. Qc2 e6 5. g3 Bd6 6. Bg2 Nbd7 7. O-O O-O 8. Nbd2
Re8 9. b3 a5 10. Bb2 b6 11. Ne5 Bb7 12. e4 Rc8 13. Nxf7 Kxf7 14. e5 Bb8 15.
exf6 Nxf6 16. Nf3 Kg8 17. Rfe1 Nd7 18. Re3 Nf8 19. Rae1 Qf6 20. Qe2 Rcd8 21. h4
Bd6 22. Ng5 Bc8 23. c5 Bc7 24. Rf3 Qg6 25. cxb6 Bd6 26. Nf7 Rd7 27. Nxd6 Rxd6
28. Qd2 Rd7 29. Ba3 Bb7 30. Qxa5 Ra8 31. Qxa8 Bxa8 32. Rxf8# 1-0

[Event "Stuttgarter Stadtmeisterschaft A-Turnie"]
[Site "Ditzingen"]
[Date "2009.05.22"]
[Round "4.19"]
[White "Kabisch, Thilo"]
[Black "Yin, Zixiao"]
[Result "1-0"]
[WhiteElo "2297"]
[BlackElo "1932"]
[PlyCount "45"]
[EventDate "2009.??.??"]

1. e4 c6 2. d4 Na6 3. Nf3 g6 4. c4 d6 5. h3 Nf6 6. Nc3 Bg7 7. Bd3 O-O 8. Bf4
Nc7 9. Qe2 Nd7 10. O-O e5 11. Bg5 f6 12. Be3 f5 13. exf5 gxf5 14. dxe5 dxe5 15.
Bc2 Ne6 16. Rad1 e4 17. Nd4 Bxd4 18. Bxd4 Qg5 19. Qe3 Qxe3 20. Bxe3 Ne5 21. c5
Bd7 22. Bb3 Rad8 23. Rxd7 1-0

[Event "Stuttgarter Stadtmeisterschaft A-Turnie"]
[Site "Ditzingen"]
[Date "2009.05.22"]
[Round "4.20"]
[White "Jüttner, Andreas"]
[Black "Dudek, Richard"]
[Result "0-1"]
[WhiteElo "2083"]
[BlackElo "2254"]
[PlyCount "92"]
[EventDate "2009.??.??"]

1. c4 Nf6 2. g3 e6 3. Bg2 d5 4. Nf3 Be7 5. O-O O-O 6. b3 c5 7. cxd5 exd5 8. d4
Nc6 9. Bb2 b6 10. Nc3 Be6 11. Rc1 Rc8 12. Re1 Ne4 13. e3 Nb4 14. a3 Nxc3 15.
Rxc3 Na2 16. Rc2 c4 17. bxc4 dxc4 18. Qb1 c3 19. Ba1 Bxa3 20. Rxa2 Bxa2 21.
Qxa2 Qe7 22. Re2 b5 23. Ne5 b4 24. Bd5 Rc7 25. Rc2 a5 26. Nc6 Qd7 27. Ne5 Qb5
28. Bc4 Rxc4 29. Nxc4 b3 30. Nxa3 Qa4 31. Qb1 bxc2 32. Nxc2 Qc4 33. e4 Rc8 34.
Qb7 a4 35. d5 Rf8 36. Qb4 Qb3 37. Bxc3 Rc8 38. d6 Qxc2 39. d7 Qd1+ 40. Kg2 Qxd7
41. h4 Qc6 42. Bb2 Qc4 43. Qb7 Re8 44. e5 Qb3 45. Qc6 Rb8 46. Bd4 Qb7 0-1

[Event "Stuttgarter Stadtmeisterschaft A-Turnie"]
[Site "Ditzingen"]
[Date "2009.05.22"]
[Round "4.21"]
[White "Aring, Gerd"]
[Black "Rempeli, Alex"]
[Result "1-0"]
[WhiteElo "2218"]
[BlackElo "1764"]
[PlyCount "83"]
[EventDate "2009.??.??"]

1. d4 Nf6 2. Nf3 e6 3. e3 Nc6 4. Bd3 d5 5. Nbd2 Nb4 6. Be2 c5 7. c3 Nc6 8. O-O
Qc7 9. Bd3 b6 10. dxc5 Bxc5 11. e4 dxe4 12. Nxe4 Nxe4 13. Bxe4 Ba6 14. Re1 h6
15. Bxc6+ Qxc6 16. Ne5 Qb7 17. a4 Qe7 18. Qg4 Qf6 19. Qg3 Rd8 20. Nc6 Bd6 21.
f4 Bc5+ 22. Be3 Bxe3+ 23. Qxe3 Rd3 24. Qf2 O-O 25. Nb4 Rfd8 26. Nxd3 Rxd3 27.
Rad1 Qf5 28. Rxd3 Qxd3 29. h3 Bc4 30. a5 bxa5 31. Qxa7 Bd5 32. Rf1 Qb5 33. Rf2
a4 34. Qd4 Qb3 35. f5 exf5 36. Rxf5 Be6 37. Rf2 Qb5 38. Rd2 Qb3 39. Qb4 Qa2 40.
Kh2 Bb3 41. Rd8+ Kh7 42. Qe4+ 1-0

[Event "Stuttgarter Stadtmeisterschaft A-Turnie"]
[Site "Ditzingen"]
[Date "2009.05.22"]
[Round "4.22"]
[White "Maier, Armin"]
[Black "Vaysberg, Alexander"]
[Result "0-1"]
[WhiteElo "2066"]
[BlackElo "2190"]
[PlyCount "82"]
[EventDate "2009.??.??"]

1. e4 c5 2. Nf3 g6 3. g3 Bg7 4. Bg2 Nf6 5. d3 Nc6 6. c3 O-O 7. Be3 d6 8. h3 Rb8
9. Nbd2 Nd7 10. O-O b5 11. Qc2 b4 12. c4 a5 13. Ne1 Qb6 14. Rb1 Qa6 15. Kh2 a4
16. Qd1 Bb7 17. f4 Nd4 18. Ndf3 e6 19. g4 f5 20. Bxd4 cxd4 21. exf5 gxf5 22.
gxf5 Rxf5 23. Qe2 Nc5 24. Nh4 Rf6 25. Nc2 Rh6 26. Nf3 Bxf3 27. Bxf3 b3 28. axb3
Rxb3 29. Rg1 Nxd3 30. Qe4 Rxh3+ 31. Kg2 Nxf4+ 32. Qxf4 Rbxf3 33. Qxf3 Rxf3 34.
Kxf3 Qxc4 35. Rg2 Qd3+ 36. Kf4 Kf7 37. Rf2 Ke7 38. Rbf1 Be5+ 39. Kg4 Qg3+ 40.
Kh5 Qg6+ 41. Kh4 Bg3+ 0-1

[Event "Stuttgarter Stadtmeisterschaft A-Turnie"]
[Site "Ditzingen"]
[Date "2009.05.22"]
[Round "4.23"]
[White "Lebeda, Timo"]
[Black "Kunze, Holger"]
[Result "1/2-1/2"]
[WhiteElo "1942"]
[BlackElo "2174"]
[PlyCount "103"]
[EventDate "2009.??.??"]

1. c4 c6 2. Nf3 d5 3. d4 Nf6 4. Nc3 e6 5. g3 dxc4 6. e4 b5 7. a4 b4 8. Na2 Nxe4
9. Bxc4 Be7 10. O-O O-O 11. Bf4 a5 12. Bd3 Nf6 13. Nc1 c5 14. dxc5 Bxc5 15. Qc2
Nbd7 16. Nb3 Bb7 17. Ng5 h6 18. Nh7 Nxh7 19. Bxh7+ Kh8 20. Rfd1 Be7 21. Bc7 Qc8
22. Rac1 Bg5 23. f4 Bd8 24. Bd3 Bxc7 25. Qxc7 Bd5 26. Qd6 Qd8 27. Nd4 Qb6 28.
Qxb6 Nxb6 29. Bb5 Rfc8 30. b3 g6 31. Bc6 Rab8 32. Bxd5 Nxd5 33. Nc6 Ra8 34. Ne5
Kg7 35. Nc4 Nc3 36. Rd2 Rc5 37. Kg2 Nd5 38. Kf3 Rac8 39. Rdc2 Kf6 40. Ne3 Rxc2
41. Rxc2 Rxc2 42. Nxc2 e5 43. h3 h5 44. Ke4 Nc3+ 45. Kf3 exf4 46. Kxf4 Ke6 47.
Ke3 Kd6 48. Kd3 Nd5 49. Kc4 Nc3 50. Kd3 Nd1 51. Ke2 Nc3+ 52. Kd3 1/2-1/2

[Event "Stuttgarter Stadtmeisterschaft A-Turnie"]
[Site "Ditzingen"]
[Date "2009.05.22"]
[Round "4.24"]
[White "Rudhart, Michael"]
[Black "Nabavi, Parwis"]
[Result "0-1"]
[WhiteElo "1908"]
[BlackElo "2126"]
[PlyCount "82"]
[EventDate "2009.??.??"]

1. Nc3 Nf6 2. e4 e5 3. Nf3 Nc6 4. Bb5 Nd4 5. Bc4 d6 6. h3 Be7 7. d3 Be6 8. Nxd4
exd4 9. Bxe6 fxe6 10. Ne2 c5 11. c3 dxc3 12. bxc3 O-O 13. O-O Qd7 14. f4 c4 15.
f5 exf5 16. exf5 d5 17. g4 cxd3 18. Qxd3 Bc5+ 19. Be3 Bxe3+ 20. Qxe3 Rfe8 21.
Qf3 Ne4 22. Qd3 Nc5 23. Qf3 Rad8 24. Nd4 Qe7 25. Rab1 Qe3+ 26. Kg2 b6 27. Nc6
Rd7 28. Rbd1 Na4 29. Rd3 Qxf3+ 30. Kxf3 Rc7 31. Nb4 Rxc3 32. Rxc3 Nxc3 33. Rc1
d4 34. Nc6 Re3+ 35. Kf2 Ne4+ 36. Kg2 d3 37. Ne7+ Kf8 38. Nd5 Rg3+ 39. Kh2 d2
40. Rc8+ Kf7 41. Rc7+ Ke8 0-1

[Event "Stuttgarter Stadtmeisterschaft A-Turnie"]
[Site "Ditzingen"]
[Date "2009.05.22"]
[Round "4.25"]
[White "Holzhäuer, Mathias"]
[Black "Junginger, Andreas"]
[Result "1-0"]
[WhiteElo "2335"]
[BlackElo "2044"]
[PlyCount "45"]
[EventDate "2009.??.??"]

1. e4 Nf6 2. e5 Nd5 3. d4 d6 4. Nf3 Bg4 5. Be2 e6 6. c4 Nb6 7. exd6 cxd6 8.
Nbd2 Be7 9. O-O O-O 10. b3 Nc6 11. Bb2 d5 12. c5 Nc8 13. b4 Nxb4 14. Qb3 Nc6
15. Qxb7 Rb8 16. Qxc6 Rxb2 17. Qa6 Bf6 18. h3 Bf5 19. Nb3 Qc7 20. Rfe1 Qf4 21.
Rad1 Bc2 22. Rd2 Qf5 23. Na1 1-0

[Event "Stuttgarter Stadtmeisterschaft A-Turnie"]
[Site "Ditzingen"]
[Date "2009.05.22"]
[Round "4.26"]
[White "Arounopoulos, Stephan"]
[Black "Raupp, Thomas"]
[Result "0-1"]
[WhiteElo "1998"]
[BlackElo "2311"]
[PlyCount "79"]
[EventDate "2009.??.??"]

1. d4 d5 2. Nf3 Nf6 3. c4 c6 4. Nc3 a6 5. e3 b5 6. c5 Bg4 7. Qb3 Bxf3 8. gxf3
Nbd7 9. a4 e6 10. Be2 Be7 11. Bd2 O-O 12. O-O e5 13. Ra2 exd4 14. exd4 Nh5 15.
f4 Ndf6 16. axb5 axb5 17. Rxa8 Qxa8 18. Na2 Qb7 19. Nb4 Ra8 20. Qh3 g6 21. Nd3
Ng7 22. Ne5 Ra4 23. Be3 Nf5 24. Nf3 Ne8 25. Bd3 Neg7 26. Bxf5 Nxf5 27. Rd1 Qd7
28. Re1 Bf6 29. Ne5 Qe6 30. Qf1 Nxd4 31. Ra1 Bxe5 32. Rxa4 bxa4 33. fxe5 Qg4+
34. Qg2 Qd1+ 35. Qf1 Nf3+ 36. Kg2 Nh4+ 37. Kg1 Qg4+ 38. Kh1 Qe4+ 39. Kg1 Nf3+
40. Kg2 0-1

[Event "Stuttgarter Stadtmeisterschaft A-Turnie"]
[Site "Ditzingen"]
[Date "2009.05.22"]
[Round "4.27"]
[White "Janata, Andreas"]
[Black "Braun, Peter"]
[Result "0-1"]
[WhiteElo "2010"]
[BlackElo "2254"]
[PlyCount "72"]
[EventDate "2009.??.??"]

1. d4 Nf6 2. c4 e6 3. Nc3 Bb4 4. Qc2 Nc6 5. Nf3 d6 6. Bd2 Qe7 7. a3 Bxc3 8.
Bxc3 e5 9. d5 Nb8 10. e4 O-O 11. Bd3 Nh5 12. O-O Nf4 13. Bd2 Bg4 14. Bxf4 exf4
15. Nd4 f3 16. Nxf3 Bxf3 17. gxf3 Nd7 18. Kh1 Qf6 19. Be2 Ne5 20. Qc3 b6 21.
Rg1 Rae8 22. b4 Qh4 23. Qe3 f5 24. Qg5 Qxg5 25. Rxg5 fxe4 26. fxe4 Rxf2 27. Bg4
h6 28. Rxe5 Rxe5 29. Be6+ Kh7 30. c5 Rxe4 31. cxd6 cxd6 32. Kg1 Ree2 33. Rc1
Ra2 34. Rc7 Kg6 35. Rxa7 Rg2+ 36. Kf1 Rgb2 0-1

[Event "Stuttgarter Stadtmeisterschaft A-Turnie"]
[Site "Ditzingen"]
[Date "2009.05.22"]
[Round "4.28"]
[White "Schulte, Torsten"]
[Black "Weißbeck, Simon"]
[Result "1-0"]
[WhiteElo "2201"]
[BlackElo "1959"]
[PlyCount "41"]
[EventDate "2009.??.??"]

1. d4 Nf6 2. c4 g6 3. Nc3 Bg7 4. e4 d6 5. f4 O-O 6. Nf3 c5 7. dxc5 Qa5 8. Bd3
Qxc5 9. Qe2 Bg4 10. Be3 Qc7 11. O-O Nc6 12. Rac1 Nd7 13. Qf2 Rae8 14. Nd2 f5
15. h3 Bh5 16. Kh1 e5 17. Qg1 exf4 18. Bxf4 Nc5 19. Qxc5 dxc5 20. Bxc7 Rf7 21.
Bf4 1-0